书目信息 |
| 题名: |
哲学漫游的沉思
|
|
| 作者: | 阳作华 , 黄金南 著 | |
| 分册: | ||
| 出版信息: | 武汉 华中科技大学出版社 1991.05 |
|
| 页数: | 220页 | |
| 开本: | 19cm | |
| 丛书名: | ||
| 单 册: | ||
| 中图分类: | B-53 | |
| 科图分类: | ||
| 主题词: | 哲学--文集 | |
| 电子资源: | ||
| ISBN: | 7-5609-0257-X | |
| 000 | 00592nam0 2200205 45 | |
| 001 | 0505271530 | |
| 005 | 20050530101700.9 | |
| 010 | @a7-5609-0257-X@dCNY3.60 | |
| 100 | @a20050527d km y0chiy0120 ea | |
| 101 | 0 | @achi |
| 105 | @a z 000yy | |
| 200 | 1 | @a哲学漫游的沉思@AZhe Xue Man You De Chen Si@f阳作华,黄金南等著@FYang Zuo Hua,Huang Jin Nan Deng Zhu |
| 210 | @a武汉@c华中科技大学出版社@d1991.05 | |
| 215 | @a220页@d19cm | |
| 606 | 0 | @a哲学@x文集 |
| 690 | @aB-53@v3 | |
| 701 | 0 | @a阳作华@4著 |
| 701 | 0 | @a黄金南@4著 |
| 801 | @aCN@bPftUser@c20050527 | |
| 905 | @f1@b260676@dB-53@e29 | |
| 哲学漫游的沉思/阳作华,黄金南等著.-武汉:华中科技大学出版社,1991.05 |
| 220页;19cm |
| ISBN 7-5609-0257-X:CNY3.60 |
| ● |
| 相关链接 |
|
|
|
|
正题名:哲学漫游的沉思
索取号:B-53/29
 
预约/预借
| 序号 | 登录号 | 条形码 | 馆藏地/架位号 | 状态 | 备注 |
| 1 | 0260676 | 001390060 | 第一样本阅览室/ [索取号:B-53/29] | 在馆 |